01392cam a2200289 i 45000010009000000050017000090080041000260100017000670200043000840400028001270420008001550430021001630500025001841000039002092450059002482500019003072640047003263000023003733360026003965200436004226500033008586500051008916510040009429420008009829520097009909990015010871804348320241007132631.0140224s2014 nyu 000 0deng  a 2014003208 a9780393244663 (hardcover : alk. paper) aDLCbengerdacDLCdDLC apcc an-us-nyan-us---00aHG4928.5b.L478 2014 aLewis, Michaelq(Michael M.)9784510aFlash boys b: a Wall Street revolt c/ Michael Lewis. aFirst Edition. 1aNew York :bW.W. Norton & Company,c[2014] a274 pages ;c25 cm atextbtxt2rdacontent aIn Michael Lewis's game-changing bestseller, a small group of Wall Street iconoclasts realize that the U.S. stock market has been rigged for the benefit of insiders. They band together-some of them walking away from seven-figure salaries-to investigate, expose, and reform the insidious new ways that Wall Street generates profits. If you have any contact with the market, even a retirement account, this story is happening to you. 0aStockbrokerszUnited States. 0aFinancezUnited StatesxHistoryy21st century. 0aWall Street (New York, N.Y.)924222 2lcc 00102lcc4070aTBSbTBSd2024-10-07l0oHG4928.5 LEWpb02934r2024-10-07t1w2024-10-07y1 c4341d4341